| 000 | 00984cam a22003134i 4500 | ||
|---|---|---|---|
| 001 | data | ||
| 005 | 20260322212110.0 | ||
| 008 | data | ||
| 035 | _a21651917 | ||
| 906 |
_a7 _bcbc _corigode _d3 _encip _f20 _gy-gencatlg |
||
| 925 | 0 |
_aacquire _b1 shelf copy _xpolicy default |
|
| 010 | _a 2020339227 | ||
| 040 |
_aDLC _beng _cDLC _erda |
||
| 042 |
_apcc _apcc |
||
| 043 | _af------ | ||
| 050 | 0 | 0 |
_aBV3500 _b.S35 2015 |
| 100 | 1 |
_aSahlberg, Carl-Erik, _d1945- _eauthor. |
|
| 245 | 1 | 4 |
_aThe church history of Africa / _cDr. Carl-Erik Sahlberg. |
| 264 | 1 |
_aMoshi [Tanzania] : _bMoshi Lutheran Printing Press, _c[2015?] |
|
| 300 |
_aii, 66 pages : _billustrations ; _c20 cm |
||
| 336 |
_atext _btxt _2rdacontent |
||
| 337 |
_aunmediated _bn _2rdamedia |
||
| 338 |
_avolume _bnc _2rdacarrier |
||
| 650 | 0 |
_aChurch and state _xHistory. |
|
| 650 | 0 | _aChurch history. | |
| 651 | 0 |
_aAfrica _xChurch history. |
|
| 985 | _eODE-nb | ||
| 999 |
_c1637 _d1637 |
||